000 00633nam a22002177a 4500
003 UA-OsUOA
001 79730
007 ta
008 20111121b un ||||| |||| 00| 0 ukr d
100 _aКульчицький С.
090 _a94(477)
_bК90
942 _cSA
040 _aUA-OsUOA
_bukr
_cUA-OsUOA
_dUA-OsUOA
245 _aЧому сталося вбивство голодом, або осмислення українського Голодомору
300 _aС.8
955 _a0
041 _aukr
080 _a94(477)
773 0 _w79729
650 7 _a9 Географія. Біографії. Історія
_2UDC
999 _c366056
_d366056